The Elvis Presley Quiz - Statistics

General Stats
  • This quiz has been taken 71 times
  • The average score is 6 of 15
Answer Stats
Hint Answer % Correct
In what state is Elvis’ home located? Tennessee
87%
What is Elvis’ middle name? Aaron
83%
In what year were Elvis and Priscilla Presley married? 1967
71%
What band is the only one that beat Elvis’ record for the most number one hits? The Beatles
69%
What President did Elvis meet and pose for a famous picture with in 1970? Richard Nixon
65%
The movie ‘GI Blues’ takes place in what country? Germany
63%
The album ‘Back in Memphis’ was released in what year? 1969
48%
Elvis had what printed on his cape for his ‘Aloha from Hawaii’ special? Eagle
27%
In what state was Elvis inducted for his military draft? Arkansas
17%
In which movie did Elvis play Ross Carpenter? Girls! Girls! Girls!
10%
What band recorded the song ‘Calling Elvis’? Dire Straits
6%
What song has the line, ‘The medicine within me, no doctor could prescribe’? Way Down
6%
On what show did Elvis sing ‘Houng Dog’ to a basset hound? The Steve Allen Show
4%
Elvis’ body is buried in what cemetery next to his mother? Forest Hill
2%
Who played guitar on Elvis’ first, self-titled album? Chet Atkins
0%
No matching quizzes found
Score Distribution
Percent of People with Each Score
Percentile by Number Answered
Your Score History
You have not taken this quiz